| 000 | 00594nam a2200169 i 4500 | ||
|---|---|---|---|
| 001 | 56873 | ||
| 003 | ES-MaACL | ||
| 005 | 20230906163447.0 | ||
| 007 | t| | ||
| 008 | 031014s1870 sp ||||1| spa d | ||
| 110 | 2 |
_aEspaña. _bDirección General de Estadística. _93734 |
|
| 245 | 1 | 0 |
_aMemoria... sobre los trabajos... desde 1º de octubre de 1868 hasta 31 e diciembre de 1869 / _cpor la Dirección General de Estadística. |
| 260 |
_aMadrid : _bManuel Minuesa, _c1870. |
||
| 300 |
_a563 p., 9 h. pleg. ; _c30 cm. |
||
| 651 | 4 |
_aEspaña- _vEstadísticas. _9162174 |
|
| 852 |
_aES-MaACL _jC-12749 |
||
| 999 |
_c56873 _d56873 |
||